A escrava Isaura (Record no. 47993)

MARC details
000 -LÍDER
campo de controle de tamanho fixo 00314 a2200145 4500
001 - NÚMERO DE CONTROLE
campo de controle 47993
040 ## - FONTE DA CATALOGAÇÃO
Instituição que transcreveu o registro Anchieta - Aquarius
100 ## - ENTRADA PRINCIPAL--NOME PESSOAL
Nome pessoal Guimarães, Bernardo
240 10 - TÍTULO UNIFORME
Título uniforme A escrava Isaura
Idioma da obra por
245 10 - TÍTULO
Título A escrava Isaura
300 ## - DESCRIÇÃO FÍSICA
Extensão 87
362 0# - DATAS DE PUBLICAÇÃO E/OU DESIGNAÇÃO SEQUENCIAL
Datas de publicação e/ou designação sequencial 1971
650 #4 - ASSUNTO--TERMO TÓPICO
Cabeçalho tópico ou nome geográfico Literatura brasileira
942 ## - ELEMENTOS DE ENTRADA ADICIONADOS (KOHA)
Tipo de material Koha Livros
Holdings
Situação do descarte Situação das perdas Situação física Não pode ser emprestado Biblioteca de origem Biblioteca atual Data de aquisição Total de empréstimos Número de chamada completo Código de barras Data de último acesso Data do preço efetivo Tipo de material Koha Fonte da classificação ou esquema de arquivamento na estante Nota pública
        Colégio Anchieta - Aquarius Colégio Anchieta - Aquarius 21/11/2023   869.93 GUI ESC 7100/AQU 21/11/2023 21/11/2023 Livros    
        Novo Tempo - Aureliano São José Novo Tempo - Aureliano São José 17/05/2024     nt702 17/05/2024 17/05/2024 Livros Classificação Decimal de Dewey estante red